| 000 | 01689nam a2200421Ii 4500 | ||
|---|---|---|---|
| 001 | DIGETECAM0001 | ||
| 003 | NyNyDIG | ||
| 006 | m o d | ||
| 007 | cr ||||||||||| | ||
| 008 | 240801s2024 us a ob 000 0 spa d | ||
| 035 | _a(OCoLC)1427226391 | ||
| 040 |
_aDGITA _beng _erda _epn _cDGITA |
||
| 020 |
_a9780311000586 _qeBook |
||
| 041 | 1 |
_aspa _bspa _beng |
|
| 050 | 1 | 4 | _aHD30.213 ebook |
| 100 | 1 |
_aYanez Sanchez, Cesar Manuel, _eauthor. |
|
| 245 | 1 | 3 |
_aLa gestión del conocimiento : _buna herramienta al servicio de la tecnociencia / _cCesar Manuel Yanez Sanchez [and 6 others] ; traducción, Ernan Santiesteban Naranjo. |
| 250 | _aPrimera edición. | ||
| 264 | 1 |
_aAmarillo, Texas : _bEditorial Tecnocientífica Americana, _c[2024] |
|
| 300 |
_a1 online resource : _billustrations. |
||
| 336 |
_atext _btxt _2rdacontent |
||
| 337 |
_acomputer _bc _2rdamedia |
||
| 338 |
_aonline resource _bcr _2rdacarrier |
||
| 347 |
_atext file _2rdaft |
||
| 347 | _bPDF | ||
| 490 | 1 | _aColección Generalidades | |
| 504 | _aIncludes bibliographical references. | ||
| 546 | _aText in Spanish with abstract in Spanish and English. | ||
| 588 | 0 | _aOnline resource; title from PDF title page (Digitalia, viewed August 1, 2024) | |
| 650 | 0 | _aManagement information systems. | |
| 700 | 1 |
_aSantiesteban Naranjo, Ernan, _etranslator. |
|
| 791 | 2 |
_aDigitalia (Firm), _edistributor. |
|
| 793 | 0 |
_gDigitalia eBook Collection: _aEditorial Tecnocientífica Americana |
|
| 830 | 0 | _aColección Generalidades (Editorial Tecnocientífica Americana) | |
| 856 | 4 | 0 |
_3Digitalia Hispánica _uhttps://www.digitaliapublishing.com/a/157618/ |
| 910 | _aPremium collection: 2024 | ||
| 942 | _cRAA | ||
| 999 |
_c287241 _d287241 |
||